Malé a stredné podniky - kategorizácia a charakteristika

Veľkosť podniku - kvantitatívne a kvalitatívne znaky. Konkurencia a konkurencieschopnosť podniku. Vývoj politiky rastu konkurencieschopnosti v EÚ. Vonkajšie faktory rastu konkurencieschopnosti. Vnútorné prostredie podniku a rast konkurencieschopnosti.

Salvato in:
Dettagli Bibliografici
Autore principale: Pavlík, Adrián
Natura: Capitolo di libro
Lingua:slovacco
Soggetti:
Tags: Aggiungi Tag
Nessun Tag, puoi essere il primo ad aggiungerne!!

MARC

LEADER 00000naa$a2200000$$$4500
001 0051010
005 20240502071605.9
041 0 |a slo 
044 |a SK 
245 1 0 |a Malé a stredné podniky - kategorizácia a charakteristika  |c Adrián Pavlík 
520 |a Veľkosť podniku - kvantitatívne a kvalitatívne znaky. Konkurencia a konkurencieschopnosť podniku. Vývoj politiky rastu konkurencieschopnosti v EÚ. Vonkajšie faktory rastu konkurencieschopnosti. Vnútorné prostredie podniku a rast konkurencieschopnosti. 
610 2 0 |a podnik malý 
610 2 0 |a podnik stredný 
610 2 0 |a veľkosť podnikov 
610 2 0 |a konkurencia 
610 2 0 |a konkurencieschopnosť 
610 2 0 |a Európska únia 
610 2 0 |a prostredie podnikové 
100 1 |a Pavlík, Adrián